MANUAL of forest inventory : with special reference to mixed tropical forests

Bibliographic Details
Corporate Author: Food and Agriculture Organization of the United Nations (FAO)
Format: Book
Published: Rome : Food and Agriculture Organization of the United Nations , 1981
Series:FAO forestry paper; 27
Subjects:

MARC

LEADER 00000cam a2200000 7i4500
001 0000001255
005 20140330.0
090 0 0 |a FAO634.90216   |b MAN 1981 
245 0 0 |a MANUAL of forest inventory :   |b with special reference to mixed tropical forests 
260 0 0 |a Rome :   |b Food and Agriculture Organization of the United Nations ,   |c 1981 
300 |a viii, 200 p. ;   |c 28 cm. 
440 0 0 |a FAO forestry paper; 27 
500 0 0 |a Bibliography : [p.194-200] 
650 0 0 |a Forests and forestry   |x Inventories 
710 1 1 |a Food and Agriculture Organization of the United Nations (FAO) 
998 |a JPSM 
999 |a 0000002154   |b Monograph   |c Food and Agriculture Organization   |e Default branch